=LDR 00000nam 2200000 4500 =001 INLIS000000000017039 =005 20200813104722 =035 ##$$a 0010-061300000017039 =008 200813################g##########0#ind## =041 ##$$a Ind =082 ##$$a 2x9.1 =090 ##$$a 2x9.1, Aba p =100 1#$$a Abbas, Sirajuddin, KH =245 1#$$a Perjalanan hidup Nabi Muhammad SAW, /$c KH. Siradjuddin Abbas =260 ##$$a Jakarta :$b Pustaka Tarbiyah,$c 2004 =300 ##$$a 34 hlm, ; $c 14x21 cm =650 #4$$a Riwayat Hidup Nabi =850 ##$$a NBPNMAT =084 ##$$a 2x9.1 ABB p =250 ##$$a cet.1 =990 ##$$a 20402913 =990 ##$$a 20402915